000 00897nam a2200217Ia 4500
001 1398
005 20260323114418.0
008 260306t2010||||xx |||||||||||||| ||spa||
041 _aESP
082 _a150
_bC77I
100 _aCoon, Dennis
_eAUT
245 0 _aIntroducción a la psicología:
_bel acceso a la mente y la conducta
260 _c2010
300 _axxxii, 622 páginas :
_c27 cm.
650 _aGEN
654 _aCPS
856 _uhttps://itmsp.museknowledge.com/UCSP?url=https://www.ebooks7-24.com:443/?il=9438&pg=1
_zVersión digital (2019)
856 _uhttps://0u213tp1y-y-https-ebooks7--24-com.itmsp.museknowledge.com/biblioteca.aspx
_zVéase además: Base de datos Ebook7-24
856 _uhttps://0u20vtov8-y-https-ebookcentral-proquest-com.itmsp.museknowledge.com/lib/catolicasp/home.action
_zVéase además: Base de datos ProQuest Ebook Central
942 _cLIB
_dJUS
_fJUS
_2ddc
999 _c1398
_d1398